BROWNLIE'S PRINCIPLES OF PUBLIC INTERNATIONAL LAW (Record no. 216744)
[ view plain ]
| 000 -LEADER | |
|---|---|
| fixed length control field | 00457nam a22001697a 4500 |
| 008 - FIXED-LENGTH DATA ELEMENTS--GENERAL INFORMATION | |
| fixed length control field | 260303b |||||||| |||| 00| 0 eng d |
| 020 ## - INTERNATIONAL STANDARD BOOK NUMBER | |
| International Standard Book Number | 978-0-1996-9969-8 |
| 100 ## - MAIN ENTRY--PERSONAL NAME | |
| Personal name | CRAWFORD, JAMES |
| 245 ## - TITLE STATEMENT | |
| Title | BROWNLIE'S PRINCIPLES OF PUBLIC INTERNATIONAL LAW |
| 250 ## - EDITION STATEMENT | |
| Edition statement | 8TH EDITION |
| 260 ## - PUBLICATION, DISTRIBUTION, ETC. | |
| Place of publication, distribution, etc. | NEW YORK |
| Name of publisher, distributor, etc. | OXFORD |
| Date of publication, distribution, etc. | 2012 |
| 300 ## - PHYSICAL DESCRIPTION | |
| Extent | LXXX,803P. |
| 500 ## - GENERAL NOTE | |
| General note | INCLUDES AN INDEX |
| 650 ## - SUBJECT ADDED ENTRY | |
| Topical term or geographic name entry element | INTERNATIONAL LAW |
| 942 ## - ADDED ENTRY ELEMENTS (KOHA) | |
| Source of classification or shelving scheme | Library of Congress Classification |
| Koha item type | Long Loan Book |
| Withdrawn status | Lost status | Source of classification or shelving scheme | Damaged status | Not for loan | Collection | Home library | Current library | Shelving location | Date acquired | Inventory number | Total checkouts | Full call number | Barcode | Date last seen | Copy number | Price effective from | Koha item type | Date last checked out |
|---|---|---|---|---|---|---|---|---|---|---|---|---|---|---|---|---|---|---|
| Library of Congress Classification | Law | Kisii University Library | Kisii University Library | On Display | 03/03/2026 | 112096 | KZ 3225 .B76C73 2012 | A000658 | 03/03/2026 | 1 | 03/03/2026 | Long Loan Book | ||||||
| Library of Congress Classification | Law | Kisii University Library | Kisii University Library | On Display | 03/03/2026 | 112097 | KZ 3225 .B 76 C73 2012 | A000657 | 03/03/2026 | 2 | 03/03/2026 | Long Loan Book | ||||||
| Library of Congress Classification | Law | Kisii University Library | Kisii University Library | On Display | 03/03/2026 | 112098 | KZ 3225 .B 76 C 73 2012 | A000660 | 03/03/2026 | 3 | 03/03/2026 | Long Loan Book | ||||||
| Library of Congress Classification | Law | Kisii University Library | Kisii University Library | On Display | 03/03/2026 | 112099 | KZ 3225 .B76C73 2012 | A000662 | 03/03/2026 | 4 | 03/03/2026 | Long Loan Book | ||||||
| Library of Congress Classification | Law | Kisii University Library | Kisii University Library | On Display | 03/03/2026 | 112100 | 1 | KZ 3225 .B 76 C 73 2012 | A000659 | 04/24/2026 | 5 | 03/03/2026 | Long Loan Book | 04/23/2026 |